| 000 | 01728cad a22002415a 4500 | ||
|---|---|---|---|
| 001 | L156786 | ||
| 008 | 120716s20120705xxk f 000 0 eng d | ||
| 035 | _a(Sirsi) u156786 | ||
| 041 | 0 | _aeng | |
| 110 | 2 |
_aLloyds Banking Group _95822 |
|
| 245 | 0 | 4 |
_aThe economic impact of the London 2012 Olympic and Paralympic Games _h[electronic resource] |
| 260 |
_aOxford _bOxford Economics _c2012 |
||
| 505 | 2 | _aExecutive Summary -- Construction -- The economic impact from construction of the 2012 Games and its legacy -- Lessons from previous major events -- Legacy -- Calculating the economic impact from the additional tourist spending due to London 2012 -- The expenditure on staging the London 2012 Games -- Happiness from hosting the 2012 Games -- Legacy: labour market -- Training to improve skill levels -- Employment of previously unemployed local people -- Legacy: physical environment -- What benefits flow from the housing legacy? -- How can these housing benefits be measured? -- How big are the benefits? -- Parkland brings benefits too -- Conclusion -- Much is still to come -- Not just a London story -- London 2012: what is the economic impact on the UK? | |
| 520 | _aThis study investigates the economic impact of the London 2012 Olympic and Paralympic Games on the UK economy and its nations and regions between July 2005 and July 2017. | ||
| 590 | _aKA NTK | ||
| 650 | 2 | 4 | _aOLYMPIC GAMES 2012 |
| 651 | 4 |
_aUnited Kingdom _y |
|
| 690 |
_aConstruction management _96230 |
||
| 690 |
_aResidential property _96266 |
||
| 710 | 1 | _aOxford Economics | |
| 856 | 4 | 0 |
_uhttps://www.lloydsbankinggroup.com/media/pdfs/lbg/2012/Eco_impact_report.pdf _zView this item free of charge at www.lloydsbankinggroup.com |
| 942 | _n0 | ||
| 999 |
_c114412 _d114412 |
||